Detalles MARC
| 000 -ENCABEZADO |
| Número de control [NR] |
02587nam a2200289Ia 4500 |
| 005 - FECHA Y HORA DE LA ÚLTIMA TRANSACCIÓN |
| control field |
20180730152018.0 |
| 008 - DE LONGITUD FIJA DE DATOS DE ELEMENTOS - INFORMACIÓN GENERAL |
| Elementos de longitud fija [NR] |
130821s1770 it fr 1 latsd |
| 040 ## - FUENTE DE CATALOGACION [NR] |
| Agencia de catalogación original [NR] |
Co-BoUCM |
| Idioma de catalogación [NR] |
spa |
| Quien Cataloga |
Sandra Yazo (modificó) |
| Quien Clasifica |
Sandra Yazo (modificó) |
| 041 0# - CODIGO DE IDIOMA [R] |
| Código de idioma para texto/pista de sonido o título separado [R] |
Latín |
| 082 04 - NUMERO DE CLASIFICACION DECIMAL DEWEY [R] |
| Número de clasificación [R] |
241.6 |
| Número de la edición [NR] |
20 |
| 092 ## - SIGNATURA TOPOGRAFICA LOCAL |
| Número de clasificación local |
E08N069 |
| 100 1# - ASIENTO PRINCIPAL--NOMBRE PERSONAL [NR] |
| Nombre personal [NR] |
Concina, Daniele |
| Fechas asociadas con el nombre [NR] |
1687-1756 |
| ID Autoridad |
37682 |
| 242 00 - TRADUCCION DEL TITULO POR LA AGENCIA CATALOGADORA [R] |
| Título [NR] |
Dos disertaciones sobre los espectáculos teatrales, que están prohibidos a laicos y clérigos por igual ; |
| Parte restante del título [NR] |
Se completa con una tercera disertación sobre los sacerdotes que se disfrazan ; |
| Mención de responsabilidad, etc. [NR] |
Autor Fray Daniel Concina |
| Código de idioma del título traducido [NR] |
spa |
| Nombre de la parte o sección [R] |
Opúsculo de San Carlos Borromeo sobre los bailes y espectáculos que no deben presentarse en los días de fiesta. |
| 245 10 - MENCION DE TITULO [NR] |
| Título [NR] |
De spectaculis theatralibus christiano cuique tum laico, tum clerico vetitis. Dissertationes duae |
| Parte restante del título [NR] |
Accedit dissertatio tertia de presbyteris personatis |
| Mención de responsabilidad, etc. [NR] |
Auctore F. Daniele Concina ... |
| Nombre de la parte/sección de la obra [R] |
S. Caroli Borromei ... Opusculum de choreis, et spectaculis in festis diebus non exhibendis ... |
| 250 ## - MENCION DE EDICION [NR] |
| Mención de edición [NR] |
Editio tertia [Tercera edición] |
| 260 ## - PUBLICACION, DISTRIBUCION, ETC. (PIE DE IMPRENTA) [R] |
| Lugar de publicación, distribución, etc. [R] |
Romae [Roma] (Italia) |
| Nombre del editor, distribuidor, etc. [R] |
Apud Simonem Occhi [En los talleres de Simón Occhi] |
| Fecha de publicación, distribución, etc. [R] |
1770 |
| 300 ## - DESCRIPCION FISICA [R] |
| Extensión [R] |
xxxii, 238, [2] páginas |
| Dimensiones [R] |
24 x 17 cm. |
| 500 ## - NOTA GENERAL [R] |
| Nota general [NR] |
Detalles físicos: Encuadernación rígida en cartón forrado en pergamino. Empieza a desencuadernarse. Guardas. Anteportada. Portada impresa en una sola tinta con un escudo pontificio y sello de tinta (D. Alarcón). Dedicatoria. Licencias y permisos. Resumen del índice. Texto impreso en dos columnas con varios tipos y tamaños de letra. Mayúsculas capitales. Párrafos numerados en romanos. Signaturas y reclamos. Notas de pie de página. Conserva parte de los cierres en cuero. Papel con oxidación te tintas y deformación de planos. Incluye una segunda obra con una portadilla, después de la página 214 |
| 505 0# - NOTA DE CONTENIDO CON FORMATO PREESTABLECIDO [R] |
| Nota de contenido con formato preestablecido [NR] |
Disertación 1 – 3: Moralidad de los espectáculos: Conceptos del P. Mariana sobre los espectáculos ; Las corridas de toros y otras representaciones sagradas que se suelen celebrar en España -- Los religiosos y los espectáculos -- La dignidad sacerdotal y los sacerdotes que se disfrazan -- Selección de textos de San Carlos Borromeo sobre los bailes y otros espectáculos |
| 506 ## - NOTA DE RESTRICCIONES DE ACCESO [R] |
| Condiciones de acceso [NR] |
Consulta en sala |
| 546 ## - NOTA DE IDIOMA [R] |
| Nota de idioma [NR] |
Texto en latín |
| 650 #7 - ASIENTO SECUNDARIO DE MATERIA - TERMINO TEMATICO [R] |
| Término temático o nombre geográfico como elemento de entrada [NR] |
Disciplina eclesiástica |
| 9 (RLIN) |
13326 |
| Subdivisión general [R] |
Obras anteriores a 1800 |
| 650 #7 - ASIENTO SECUNDARIO DE MATERIA - TERMINO TEMATICO [R] |
| Término temático o nombre geográfico como elemento de entrada [NR] |
Espectáculos |
| 9 (RLIN) |
14919 |
| Subdivisión general [R] |
Teología moral |
| -- |
Obras anteriores a 1800 |
| 650 #7 - ASIENTO SECUNDARIO DE MATERIA - TERMINO TEMATICO [R] |
| Término temático o nombre geográfico como elemento de entrada [NR] |
Teología moral |
| Subdivisión general [R] |
Obras anteriores a 1800 |
| 9 (RLIN) |
41481 |
| 690 ## - ASUNTO AGREGADO LOCAL DE ENTRADA - TÉRMINO TEMÁTICO (OCLC, RLIN) |
| Acceso temático local |
Teología |
| 9 (RLIN) |
25230 |
| 942 ## - ELEMENTOS DE ENTRADA AGREGADOS (KOHA) |
| Tipo de ítem principal el descrito en 300a |
Libro |
| Edición |
3 |
| Tema principal |
11 |
| Sistema de clasificación |
LOCAL |
| Clasificación |
E08N069 |